| 000 -LEADER |
| fixed length control field |
00364nam a22001217a 4500 |
| 008 - FIXED-LENGTH DATA ELEMENTS--GENERAL INFORMATION |
| fixed length control field |
250218b ||||| |||| 00| 0 eng d |
| 020 ## - INTERNATIONAL STANDARD BOOK NUMBER |
| International Standard Book Number |
9788965011064 |
| 082 ## - DEWEY DECIMAL CLASSIFICATION NUMBER |
| Classification number |
516.15 |
| 100 ## - MAIN ENTRY--PERSONAL NAME |
| Personal name |
LEE,JANINE |
| Relator term |
AUTHOR |
| 245 ## - TITLE STATEMENT |
| Title |
WHAT FUNNY SHAPES! |
| 260 ## - PUBLICATION, DISTRIBUTION, ETC. |
| Place of publication, distribution, etc. |
FLAT/RM E 3/F,PO CHENG BUILDING 148- 154 NAMCHEONG STREET,KOWLOON,HONGKONG |
| Name of publisher, distributor, etc. |
BBIRD PUBLISHING |
| Date of publication, distribution, etc. |
2008 |
| 942 ## - ADDED ENTRY ELEMENTS (KOHA) |
| Source of classification or shelving scheme |
|